| 000 | 00826nam a2200265Ia 4500 | ||
|---|---|---|---|
| 003 | OSt | ||
| 005 | 20220928112244.0 | ||
| 006 | a|||||r|||| 00| 0 | ||
| 007 | ta | ||
| 008 | 220927b |||||||| |||| 00| 0 eng d | ||
| 020 | _cEURO 64.99 | ||
| 024 | _a137423 | ||
| 037 |
_b267, 20/02/2018, Classic Book Service _cTextual |
||
| 040 |
_aSDCL _cSDCL _beng |
||
| 041 |
_2eng _aeng |
||
| 082 | _aX:5381:(F), Q8 | ||
| 100 |
_aSiddharthan N. S. Ed. _9426911 |
||
| 245 | 0 | _aGlobalisation of technology | |
| 260 |
_aSingapore _bSpringer _c2017 |
||
| 300 |
_aix,283p. _ccm. |
||
| 650 |
_aBusiness Economics _9391653 |
||
| 700 |
_a Narayanan K. Ed. _9426912 |
||
| 942 |
_hX:5381:(F), Q8 _cTEXL _2CC |
||
| 999 |
_c743815 _d743815 |
||